000 00869cam a22002413a 4500
001 3227
003 PGUSA
005 20140828083027.0
008 020501s2002||||xxu|||||s|||||000 | eng d
040 _aPGUSA
_beng
042 _adc
050 4 _aD501
100 1 _aMilitia of Mercy. Gift Book Committee
_q(U.S.)
245 1 0 _aDefenders of Democracy :
_bContributions from representative men and women of letters and other arts from our allies and our own country, edited by the Gift book committee of the Militia of Mercy
_h[electronic resource] /
_cMilitia of Mercy. Gift Book Committee
260 _bProject Gutenberg,
_c2002
506 _aPublic domain in the USA.
516 _aElectronic text
653 _aGift books
653 _aWorld War, 1914-1918
830 0 _aProject Gutenberg
_v3227
856 4 0 _uhttp://www.gutenberg.org/ebooks/3227
942 _cEB
999 _c232556
_d232556